Psicología : historia y sistemas : lecturas /
Compilación de textos en que se trazan la historia y los sistemas de la psicología en un contexto histórico, cultural y social, desde el pensamiento presocrático hasta el presente. Dividida en dos partes, la primera trata de la historia desde su aparición como disciplina formal a finales del siglo X...
Gespeichert in:
| 1. Verfasser: | |
|---|---|
| Format: | Buch |
| Sprache: | Spanisch |
| Veröffentlicht: |
México :
Pearson,
2000, c2000
|
| Ausgabe: | 2a edición |
| Schlagworte: | |
| Tags: |
Keine Tags, Fügen Sie das erste Tag hinzu!
|
MARC
| LEADER | 00000nam^a2200000^a^4500 | ||
|---|---|---|---|
| 001 | 000187092 | ||
| 005 | 20250521000000.0 | ||
| 009 | 20260310102247.736 | ||
| 020 | |a 970-17-0359-6 | ||
| 037 | |a Acervo ITESO - Biblioteca | ||
| 041 | |a ESP | ||
| 082 | |a 150. |b BRE | ||
| 100 | |a Brennan, James F. |e (selec.) | ||
| 240 | 1 | 1 | |a [Historia y sistemas de la psicología] |
| 245 | 1 | 0 | |a Psicología : |b historia y sistemas : lecturas / |c Selec. de J.F. Brennan ; tr. por Jorge Luis Gutiérrez. |
| 250 | |a 2a edición | ||
| 264 | 4 | |a México : |b Pearson, |c 2000, c2000 | |
| 300 | |a VIII, 280 p. | ||
| 336 | |a texto |b txt |2 rdacontenido | ||
| 337 | |a sin mediación |b n |2 rdamedio | ||
| 338 | |a volumen |b nc |2 rdasoporte | ||
| 500 | |a Traducción de: Readings in the History and Systems of Psychology | ||
| 520 | |a Compilación de textos en que se trazan la historia y los sistemas de la psicología en un contexto histórico, cultural y social, desde el pensamiento presocrático hasta el presente. Dividida en dos partes, la primera trata de la historia desde su aparición como disciplina formal a finales del siglo XIX; y la segunda se ocupa de los sistemas psicológicos que han dominado las expresiones de la misma en el siglo XX: la psicología de la Gestalt, el psicoanálisis, los conductismos temprano y tardío, y el movimiento de la tercera fuerza. | ||
| 590 | |a Traducción de la 2a edición en inglés | ||
| 649 | |a XX | ||
| 650 | |a Funcionalismo | ||
| 650 | |a Teoría y Terapia Gestalt | ||
| 650 | |a Conductismo | ||
| 650 | |a Terapia Centrada en la Persona | ||
| 650 | |a Humanismo | ||
| 650 | |a Psicoanálisis Freudiano | ||
| 650 | |a Estructuralismo | ||
| 650 | |a Psicoterapia - |x Historia - |x Tema Principal | ||
| 650 | |a Psicología - |x Filosofía - |x Tema Principal | ||
| 650 | |a Psicología - |x Historia | ||
| 910 | |a Fondo General | ||
| 920 | |a Impresos - Libros | ||
| 930 | |a Colección General | ||
| 905 | |a 101 | ||
| 901 | |a 0500128945 |b IT1 |c ACC |u 20250521 | ||
| 901 | |a 0500129746 |b IT1 |c ACC |u 20250521 | ||
| 902 | |a https://opac.biblio.iteso.mx/vufind/Record/000187092 | ||